Εργα ιμπρεσιονιστών και μεταϊμπρεσιονιστών ζωγράφων από τα μουσεία της Γαλλίας : από το Μανέ στο Ματίς
Saved in:
| Format: | Book |
|---|---|
| Language: | Greek |
| Published: |
Αθήνα :
Εθνική Πινακοθήκη, Μουσείο Αλεξάνδρου Σούτζου,
1980
|
| Subjects: | |
| Tags: |
Add Tag
No Tags, Be the first to tag this record!
|
MARC
| LEADER | 00000nam a2200000 i 4500 | ||
|---|---|---|---|
| 001 | 1/84006 | ||
| 008 | 970318s1980 gre d | ||
| 035 | |a 1989 |b 3 |c Δωρεά |l 10034337 | ||
| 040 | |a GR-MY-UA |b gre |e aacr | ||
| 041 | 0 | |a gre | |
| 082 | 0 | |a 759.054 | |
| 245 | 1 | 0 | |a Εργα ιμπρεσιονιστών και μεταϊμπρεσιονιστών ζωγράφων από τα μουσεία της Γαλλίας : |b από το Μανέ στο Ματίς |
| 260 | |a Αθήνα : |b Εθνική Πινακοθήκη, |b Μουσείο Αλεξάνδρου Σούτζου, |c 1980 | ||
| 300 | |a 247 σ. | ||
| 500 | |a Άνω του τίτλου: Υπουργείο Πολιτισμού και Επιστημών | ||
| 650 | 0 | 0 | |a Impressionist artists |x Exhibitions. |
| 852 | |a INST |b RHODES |e 19970318 |h 759.054 ΕΡΓ |p 005400010222 |q 005400010222 |t BK |y 0 | ||
| 909 | |a Ρ |b 014990 |c 1989 | ||
| 970 | |z 2000/08/ΔΕΜΕΝΑΓΑΣ ΠΕΤΡΟΣ | ||